00419nam a2200121Ia 4500008004100000100002200041245009400063245002200157260005900179650001800238650001500256856002600271170221s9999 xx 000 0 und d aToni Siriko Hoang aBlogging during a Crisis: Threat and Efficacy in Online Communication during a Hurricane  cToni Siriko Hoang bOnline Journal of Communication and Media Technologies xCommunication xMedia Arts uhttp://www.ojcmt.net/